[Event "AUT-ch U10"]
[Site "St Kanzian"]
[Date "2019.06.22"]
[Round "6"]
[White "Dichtl, Maximilian"]
[Black "Geworgyan, Derenick"]
[Result "1/2-1/2"]
[WhiteElo "1010"]
[BlackElo "1001"]
[PlyCount "94"]
[EventDate "2019.06.21"]
[EventType "swiss"]
[EventRounds "7"]
[EventCountry "AUT"]
[SourceTitle "CBM 191 Extra"]
[Source "ChessBase"]
[SourceDate "2019.09.30"]
[SourceVersion "1"]
[SourceVersionDate "2019.09.30"]
[SourceQuality "1"]

1. e4 e5 2. Nc3 Nf6 3. f4 d6 4. Nf3 Bg4 5. h3 Bh5 6. g4 Nxg4 7. hxg4 Bxg4 8. Be2 Bxf3 9. Bxf3 exf4 10. d4 Qf6 11. Bd2 Qxd4 12. Bxf4 Qf6 13. Nd5 Qd8 14. Qd2 c6 15. Nc3 Nd7 16. Bxd6 Bxd6 17. Qxd6 Qg5 18. Qd3 Qg3+ 19. Ke2 Ne5 20. Qe3 0-0 21. Rhg1 Qh2+ 22. Kf1 Qh3+ 23. Ke1 Nxf3+ 24. Kf2 Nxg1 25. Rxg1 Qh2+ 26. Kf1 Qxc2 27. Qh6 g6 28. Rh1 Qd3+ 29. Ne2 Qf3+ 30. Ke1 Qh5 31. Rxh5 gxh5 32. Qxh5 Rae8 33. Qg5+ Kh8 34. Qf5 Rg8 35. Qxf7 Rxe4 36. Qxb7 Rg1+ 37. Kd2 Rg2 38. Qa6 Rd4+ 39. Ke1 Re4 40. Qc8+ Kg7 41. Qb7+ Kh8 42. Qc8+ Kg7 43. Qd7+ Kh8 44. Qd8+ Rg8 45. Qf6+ Rg7 46. Qxc6 Rge7 47. Qc8+ Kg7 1/2-1/2

[Event "AUT-ch U10"]
[Site "St Kanzian"]
[Date "2019.06.22"]
[Round "5"]
[White "Raber, Ulrich"]
[Black "Dichtl, Maximilian"]
[Result "1-0"]
[WhiteElo "884"]
[BlackElo "1010"]
[PlyCount "45"]
[EventDate "2019.06.21"]
[EventType "swiss"]
[EventRounds "7"]
[EventCountry "AUT"]
[SourceTitle "CBM 191 Extra"]
[Source "ChessBase"]
[SourceDate "2019.09.30"]
[SourceVersion "1"]
[SourceVersionDate "2019.09.30"]
[SourceQuality "1"]

1. Nf3 Nc6 2. Nc3 e5 3. e4 Nf6 4. Bc4 Bb4 5. Ng5 0-0 6. Bxf7+ Rxf7 7. Nxf7 Kxf7 8. 0-0 d6 9. d3 h6 10. Nd5 Nxd5 11. exd5 Nd4 12. c3 Bxc3 13. bxc3 Nb5 14. Rb1 Nxc3 15. Qf3+ Kg8 16. Rb3 Nxa2 17. Bb2 b6 18. d4 exd4 19. Bxd4 Bb7 20. Qg3 Qg5 21. Qd3 Bxd5 22. f3 Bxb3 23. Qxb3+ 1-0